000 00602nam a2200217Ii 4500
003 JO-AjNU
008 230606s9999||||xx |||||||||||||| ||und||
020 _a978-1-4614-9586-4
040 _aJO-AjNU
_beng
_erda
_cJO-AjNU
041 _aeng
050 1 4 _aQA274.22.C48.2014
100 3 _aChung/Wiliams,
_eauthor
_94361
245 0 0 _aintroduction to Stochastic integration
250 _a2 ed
264 3 1 _aBOSton:Birkhuser,2014
300 _a276p
336 _atext
_btxt
_2rdacontent
337 _aunmediated
_bn
_2rdamedia
338 _avolume
_bnc
_2rdacarrier
650 4 _a Mathematics. 
_94362
999 _aE2266
_c2264
_d2264